000
00240nam a2200097Ia 4500
001
771346
005
20250826165713.0
008
250824s9999 xx 000 0 und d
245
0
_a
ALİ KUŞÇU
_c
HASAN YİĞİT
260
_b
MAVİÇATI YAYINLARI
999
_c
771346
_d
771346